Score 0/20 Timer 03:00
0 Plays Today
Hint Missing Word % Correct
_____ Monroe - ActressMarilyn
96.8%
Kanye ____ - Musician and businessmanWest
96.8%
Angelina ____ - ActressJolie
96.8%
Donald ____ - US President and businessmanTrump
96.7%
____ Tyson - Professional boxerMike
96.1%
Meryl ____ - ActressStreep
95.5%
____ McCartney - MusicianPaul
95.4%
____ Neeson - ActorLiam
93.7%
____ J. Fox - Actor Michael
93.3%
Anne ___ - Holocaust victim Frank
92.5%
Hint Missing Word % Correct
____ Manilow - MusicianBarry
92.1%
____ Richie - MusicianLionel
85.8%
Prince ____ - Duke of CambridgeWilliam
83%
Judy ____ - ActressGarland
80.4%
Bjorn ____ - Professional tennis playerBorg
73.6%
____ Curtis - ActorTony
72%
Salman ____ - Author Rushdie
69%
Waylon _____ - MusicianJennings
68.8%
____ Scherzinger - Singer and television personalityNicole
54.6%
____ Riordan - AuthorRick
25.2%

Today's Daily Dose

Remove Ads.
Support Sporcle.
Get the best of Sporcle when you Go Orange. This ad-free experience offers more features, more stats, and more fun while also helping to support Sporcle. Thank you for becoming a member.

You're not logged in!

Compare scores with friends on all Sporcle quizzes.
OR
Log In

Show Comments

Extras

Top Quizzes Today


Score Distribution

Your Account Isn't Verified!

In order to create a playlist on Sporcle, you need to verify the email address you used during registration. Go to your Sporcle Settings to finish the process.

Report this User

Report this user for behavior that violates our Community Guidelines.

Details: